Trendy automatizace některých oblastí v nevýrobní sféře

Gespeichert in:
Bibliographische Detailangaben
1. Verfasser: Kaplan, Jiří
Weitere Verfasser: Růžičková, Anna
Format: Buch
Sprache:Tschechisch
Veröffentlicht: Praha Ústředí vědeckých, technických a ekonomických informací 1986
Tags: Tag hinzufügen
Keine Tags, Fügen Sie das erste Tag hinzu!

MARC

LEADER 00000nam a2200000 4500
001 c103347
005 20251204124314.5
041 0 |a cze 
044 |a CZ 
245 1 0 |a Trendy automatizace některých oblastí v nevýrobní sféře  |c Jiří Kaplan, Anna Růžičková 
264 1 |a Praha  |b Ústředí vědeckých, technických a ekonomických informací  |c 1986 
300 |a 29 s. 
100 1 |a Kaplan, Jiří 
700 1 |a Růžičková, Anna